000 00506ntaaa2200193 4500
003 01
005 20251027201939.0
008 0714s1973 ag 01
040 _aAR-BaBN
_bspa
_cAR-BaBN
_eaacr
_dRIC
082 _a245.0100 C78
100 _aCoon, Zule Evelyn
_918039
245 _aO worship the king
250 _a1 ed.
260 _aNashville :
_bBroadman Press,
_cc1951
300 _axvii, 237 p.
500 _a40 cultos de adoración para el uso de himnos
650 _aHimnología
_9168
942 _cBK
999 _c14187
_d14187